[Event "EUCup final 14th"]
[Site "Belgrade"]
[Date "1999.01.12"]
[Round "2"]
[White "Svidler, Peter"]
[Black "Kramnik, Vladimir"]
[Result "1/2-1/2"]
[WhiteElo "2713"]
[BlackElo "2751"]
[PlyCount "35"]
[EventDate "1999.01.11"]
[Source "ChessBase"]
[SourceDate "1999.04.01"]

1. e4 c5 2. Nf3 Nc6 3. Nc3 g6 4. d4 cxd4 5. Nxd4 Bg7 6. Be3 Nf6 7. Nb3 O-O 8. Be2 d6 9. O-O Be6 10. f4 Rc8 11. Kh1 Na5 12. Nxa5 Qxa5 13. Bd4 Bc4 14. a3 e5 15. fxe5 dxe5 16. Bf2 Be6 17. Bd3 Nh5 18. Re1 1/2-1/2

[Event "Moscow PCA-Intel qual"]
[Site "Moscow"]
[Date "1995.??.??"]
[Round "10"]
[White "Glek, Igor V"]
[Black "Khalifman, Alexander"]
[Result "0-1"]
[WhiteElo "2590"]
[BlackElo "2635"]
[PlyCount "90"]
[EventDate "1995.??.??"]
[Source "ChessBase"]

1. e4 c5 2. Nf3 d6 3. d4 cxd4 4. Nxd4 Nf6 5. Nc3 Nc6 6. Be2 g6 7. O-O Bg7 8. Be3 O-O 9. Nb3 Be6 10. f4 Qc8 11. Kh1 Bg4 12. Bg1 Rb8 13. Nd4 Bxe2 14. Qxe2 b5 15. e5 dxe5 16. fxe5 Nd7 17. Nxc6 Qxc6 18. Bxa7 Rb7 19. Bd4 b4 20. Ne4 Nxe5 21. a3 bxa3 22. Rxa3 Qc4 23. Qxc4 Nxc4 24. Bxg7 Kxg7 25. Rb3 Rxb3 26. cxb3 Ne5 27. Rc1 Rd8 28. Kg1 Rd4 29. Nc5 Rd2 30. Rb1 Nc6 31. Na6 e5 32. b4 Nd4 33. Nc7 Rc2 34. Ne8+ Kf8 35. Nf6 Ke7 36. Nxh7 Ne2+ 37. Kh1 Nf4 38. g3 Ne6 39. Ra1 Nd4 40. Ra7+ Ke6 41. Ng5+ Kf5 42. Nxf7 Nf3 43. Nd6+ Ke6 44. Rh7 Kxd6 45. Rh6 e4 0-1

[Event "New York op"]
[Site "New York"]
[Date "1998.03.19"]
[Round "6"]
[White "Asrian, Karen"]
[Black "Khalifman, Alexander"]
[Result "1/2-1/2"]
[WhiteElo "2555"]
[BlackElo "2660"]
[PlyCount "62"]
[EventDate "1998.03.16"]
[Source "ChessBase"]
[SourceDate "1998.06.15"]

1. e4 c5 2. Nf3 d6 3. d4 cxd4 4. Nxd4 Nf6 5. Nc3 Nc6 6. Be2 g6 7. Be3 Bg7 8. Nb3 O-O 9. O-O Be6 10. f4 Qc8 11. Bf3 Bg4 12. Nd5 Bxf3 13. Qxf3 Nxd5 14. exd5 Nb8 15. c3 Nd7 16. Rae1 Nf6 17. Bd4 Re8 18. Nd2 Qg4 19. Bxf6 Qxf3 20. Rxf3 Bxf6 21. Rfe3 Kf8 22. Ne4 Bg7 23. g4 b5 24. f5 Be5 25. fxg6 hxg6 26. Rf1 Kg7 27. Ng5 Bf6 28. Ne4 Be5 29. Ng5 Bf6 30. Ne4 Be5 31. Ng5 Bf6 1/2-1/2

[Event "Koop Tjuchem"]
[Site "Groningen"]
[Date "1996.??.??"]
[Round "2"]
[White "Svidler, Peter"]
[Black "Hodgson, Julian M"]
[Result "1-0"]
[WhiteElo "2650"]
[BlackElo "2550"]
[PlyCount "67"]
[EventDate "1996.12.20"]
[Source "ChessBase"]
[SourceDate "1997.04.10"]

1. e4 c5 2. Nf3 d6 3. d4 cxd4 4. Nxd4 Nf6 5. Nc3 g6 6. Be2 Bg7 7. O-O O-O 8. Be3 Nc6 9. Nb3 Be6 10. f4 Na5 11. f5 Bc4 12. Nxa5 Bxe2 13. Qxe2 Qxa5 14. Bd4 Rac8 15. Rad1 b5 16. Nxb5 Qxa2 17. Nxa7 Qc4 18. Rfe1 Rc5 19. Bxc5 Qxc5+ 20. Qf2 Qb4 21. e5 dxe5 22. Nc6 Qxb2 23. Nxe7+ Kh8 24. Nd5 Ng4 25. Qf3 gxf5 26. Qxf5 Nh6 27. Qd3 f5 28. Qc4 e4 29. h3 Nf7 30. Nf4 Qb8 31. Ne6 Rc8 32. Qd5 Qg3 33. Qxf5 Be5 34. Nf4 1-0

[Event "It"]
[Site "?"]
[Date "1986.??.??"]
[Round "?"]
[White "Short Nigel D"]
[Black "Miles Anthony J"]
[Result "1/2-1/2"]
[WhiteElo "2585"]
[BlackElo "2610"]
[PlyCount "25"]
[EventDate "1986.??.??"]
[Source "www.chesslib.no"]
[SourceDate "2004.05.04"]

1. e4 c5 2. Nf3 d6 3. d4 cxd4 4. Nxd4 Nf6 5. Nc3 g6 6. Be2 Bg7 7. O-O O-O 8. Be3 Nc6 9. Nb3 Bd7 10. f4 b5 11. a3 a5 12. Bf3 b4 13. Ra2 1/2-1/2

[Event "RUS-ch51"]
[Site "St Petersburg"]
[Date "1998.08.06"]
[Round "10"]
[White "Galkin, Alexander"]
[Black "Tiviakov, Sergei"]
[Result "1/2-1/2"]
[WhiteElo "2540"]
[BlackElo "2655"]
[PlyCount "36"]
[EventDate "1998.07.28"]
[Source "ChessBase"]
[SourceDate "1998.11.30"]

1. e4 c5 2. Nf3 d6 3. d4 cxd4 4. Nxd4 Nf6 5. Nc3 g6 6. Be2 Bg7 7. Be3 Nc6 8. O-O O-O 9. Nb3 a5 10. a4 Be6 11. f4 Nd7 12. Rb1 Bxb3 13. cxb3 Nc5 14. e5 Ne6 15. exd6 exd6 16. Bc4 Ned4 17. Bf2 Qd7 18. Qd2 Rae8 1/2-1/2

[Event "Dubai (open) 85/(200)"]
[Site "?"]
[Date "2002.??.??"]
[Round "?"]
[White "Timofeev, Ar"]
[Black "Tregubov, P."]
[Result "1/2-1/2"]
[WhiteElo "2552"]
[BlackElo "2627"]
[PlyCount "45"]
[EventDate "2002.??.??"]
[Source "Chess Informant"]
[SourceDate "2002.06.01"]

1. e4 c5 2. Nf3 Nc6 3. Nc3 g6 4. d4 cxd4 5. Nxd4 Bg7 6. Be3 Nf6 7. Nb3 O-O 8. Be2 d6 9. O-O a5 10. a4 Be6 11. f4 Rc8 12. Rb1 Nb4 13. Nd4 Bc4 14. Ndb5 Bxb5 15. Bxb5 Nd7 16. Nd5 Nxd5 17. exd5 Nf6 18. c3 e6 19. dxe6 fxe6 20. Qe2 d5 21. Rbe1 Qd6 22. Bd3 Rce8 23. g3 1/2-1/2

[Event "Russian Cup f"]
[Site "Sochi"]
[Date "1997.??.??"]
[Round "4"]
[White "Galkin, Alexander"]
[Black "Yakovich, Yuri"]
[Result "1/2-1/2"]
[WhiteElo "2540"]
[BlackElo "2610"]
[PlyCount "44"]
[EventDate "1997.09.17"]
[Source "ChessBase"]
[SourceDate "1998.01.31"]

1. e4 c5 2. Nf3 Nc6 3. d4 cxd4 4. Nxd4 Nf6 5. Nc3 d6 6. Be2 g6 7. Be3 Bg7 8. O-O O-O 9. Nb3 Be6 10. f4 Rc8 11. Rb1 b5 12. Nxb5 Nxe4 13. Nxa7 Nxa7 14. Bxa7 Ra8 15. Bd4 Rxa2 16. Bxg7 Kxg7 17. Qd4+ Nf6 18. Nc1 Ra8 19. Nd3 Qc7 20. Nb4 Bf5 21. Rbd1 Qc5 22. Bf3 Ra7 1/2-1/2

[Event "6. EICC"]
[Site "?"]
[Date "2005.06.26"]
[Round "8"]
[White "Navara David"]
[Black "Evdokimov Alexander A"]
[Result "1/2-1/2"]
[WhiteElo "2647"]
[BlackElo "2503"]
[PlyCount "141"]
[EventDate "2005.??.??"]
[Source "www.chesslib.no"]
[SourceDate "2004.05.04"]

1. e4 c5 2. Nf3 d6 3. d4 cxd4 4. Nxd4 Nf6 5. Nc3 Nc6 6. Be2 g6 7. Be3 Bg7 8. O-O O-O 9. Nb3 Be6 10. f4 Qc8 11. h3 Rd8 12. Bf3 Bc4 13. Rf2 e5 14. Nd2 exf4 15. Bxf4 Ne5 16. Nxc4 Nxc4 17. Nd5 Nxd5 18. Qxd5 Qc5 19. c3 Be5 20. Qxc5 dxc5 21. Bg5 Rd6 22. Be7 Rb6 23. Bxc5 Rxb2 24. Rxb2 Nxb2 25. Bd4 Nc4 26. Be2 Rc8 27. Rc1 f6 28. Bg4 Rc6 29. Bxa7 Nd6 30. Be6+ Kf8 31. Bd5 Rc8 32. c4 Nb5 33. Bb6 Nc3 34. Rc2 Na4 35. Be3 b6 36. Rc1 Ke7 37. Rb1 Bd6 38. Kf1 Rb8 39. Rb3 Nc5 40. Ra3 Rd8 41. Ke2 Rd7 42. Ra8 Rd8 43. Rxd8 Kxd8 44. h4 Ke7 45. g4 h5 46. g5 Be5 47. Kf3 Kf8 48. Bc6 fxg5 49. hxg5 Ke7 50. a4 Bc3 51. Bb5 Kf7 52. Bc6 Ke7 53. Kg2 Kf7 54. Bf4 Ke7 55. Bc7 Ba5 56. e5 Ne6 57. Bd6+ Kd8 58. Be4 Bd2 59. Kf2 Bxg5 60. Bxg6 Be7 61. Bxe7+ Kxe7 62. Bxh5 Nf4 63. c5 bxc5 64. a5 Nd3+ 65. Ke3 Nxe5 66. a6 Nc6 67. Bf3 Kd6 68. Bxc6 Kxc6 69. Kd3 Kb6 70. Kc4 Kxa6 71. Kxc5 1/2-1/2

[Event "RUS-Cup01 Chigorin mem"]
[Site "St Petersburg"]
[Date "1997.11.08"]
[Round "8"]
[White "Galkin, Alexander"]
[Black "Fedorov, Alexei"]
[Result "1/2-1/2"]
[WhiteElo "2540"]
[BlackElo "2600"]
[PlyCount "49"]
[EventDate "1997.11.01"]
[Source "www.chesslib.no"]
[SourceDate "2004.05.04"]

1. e4 c5 2. Nf3 d6 3. d4 cxd4 4. Nxd4 Nf6 5. Nc3 g6 6. Be2 Bg7 7. Be3 O-O 8. O-O Nc6 9. Nb3 Be6 10. f4 Qc8 11. Kh1 Rd8 12. Bg1 d5 13. e5 Ne4 14. Nd4 f6 15. Nxe6 Nxc3 16. bxc3 Qxe6 17. exf6 Qxf6 18. Rb1 b6 19. c4 dxc4 20. Bxc4+ Kh8 21. Qg4 Nd4 22. Bd3 Rd6 23. Rbe1 Rad8 24. Re4 Qf7 25. Rfe1 1/2-1/2

[Event "Bartis Memorial A 9198"]
[Site "Bartis Memorial A 9198"]
[Date "1993.??.??"]
[Round "?"]
[White "Copie, Jose Antonio"]
[Black "Morgado, Juan Sebastian"]
[Result "1-0"]
[WhiteElo "2525"]
[BlackElo "2615"]
[PlyCount "99"]
[EventDate "1993.??.??"]
[Source "www.chesslib.no"]
[SourceDate "2004.05.04"]

1. e4 c5 2. Nf3 d6 3. d4 cxd4 4. Nxd4 Nf6 5. Nc3 g6 6. Be2 Bg7 7. Be3 Nc6 8. O-O O-O 9. Nb3 Be6 10. f4 Qc8 11. Kh1 b6 12. Bf3 Rb8 13. Nd5 Qd7 14. c4 Rfc8 15. Qe2 Ng4 16. Bg1 Na5 17. Rac1 Nxb3 18. axb3 h5 19. b4 Bxd5 20. exd5 a5 21. b5 Nh6 22. Rc2 Qf5 23. Be4 Qg4 24. Rf3 Re8 25. h3 Qd7 26. Qd2 f5 27. Bd3 Nf7 28. Be2 Bh6 29. Ra3 Qc7 30. g4 hxg4 31. hxg4 Qd7 32. g5 Bg7 33. Bf3 Rec8 34. Be3 Qb7 35. Qf2 Kf8 36. Kg2 Qc7 37. Ra4 Rb7 38. Rc1 Qd8 39. Rh1 Rcb8 40. Kg3 Qc8 41. Rh7 e5 42. dxe6 Nxg5 43. Rxg7 Rxg7 44. fxg5 Qxe6 45. Bf4 Rh7 46. Bd5 Qe7 47. Ra1 Qc7 48. Qd4 Qe7 49. Rd1 Ke8 50. Bc6+ 1-0

[Event "Geneve Open"]
[Site "Geneva SUI"]
[Date "1994.??.??"]
[Round "8"]
[White "Glek, Igor V"]
[Black "Gurevich, Dmitry B"]
[Result "1/2-1/2"]
[WhiteElo "2590"]
[BlackElo "2545"]
[PlyCount "80"]
[EventDate "1994.01.??"]
[Source "www.chesslib.no"]
[SourceDate "2004.05.04"]

1. e4 c5 2. Nf3 d6 3. d4 cxd4 4. Nxd4 Nf6 5. Nc3 Nc6 6. Be2 g6 7. Be3 Bg7 8. O-O O-O 9. Nb3 a6 10. f4 b5 11. Bf3 Bd7 12. Qd2 Rb8 13. Nd5 b4 14. Rfe1 Nxd5 15. exd5 Na5 16. Bd4 Nc4 17. Qf2 Bxd4 18. Qxd4 Rc8 19. Rad1 Bf5 20. Re2 a5 21. g4 Bd7 22. Rde1 e5 23. dxe6 fxe6 24. Bb7 Rc7 25. Ba6 Qf6 26. Rf2 Qxd4 27. Nxd4 e5 28. b3 Na3 29. fxe5 dxe5 30. Rxe5 Bxg4 31. Rxf8+ Kxf8 32. Bd3 Rd7 33. Nc6 Rc7 34. Nd4 Rd7 35. Re4 Bd1 36. Kf2 Kg7 37. Re1 Bxc2 38. Nxc2 Rxd3 39. Nxa3 bxa3 40. Ke2 Rh3 1/2-1/2

[Event "Gouda NLD-Top rap"]
[Site "Gouda"]
[Date "1997.??.??"]
[Round "?"]
[White "Nijboer, Friso"]
[Black "Van der Wiel, John TH"]
[Result "1/2-1/2"]
[WhiteElo "2605"]
[BlackElo "2525"]
[PlyCount "138"]
[EventDate "1997.??.??"]
[Source "www.chesslib.no"]
[SourceDate "2004.05.04"]

1. e4 c5 2. Nf3 d6 3. d4 cxd4 4. Nxd4 Nf6 5. Nc3 g6 6. Be2 Bg7 7. O-O Nc6 8. Nb3 O-O 9. Kh1 Be6 10. f4 Qc8 11. Be3 Rd8 12. Bf3 Bg4 13. Bg1 b6 14. a3 Bxf3 15. Qxf3 Qg4 16. Qd3 Rac8 17. Nd5 Nd7 18. h3 Qh5 19. c3 Nc5 20. Qc2 Re8 21. Rad1 Nxb3 22. Qxb3 Qe2 23. Rfe1 Na5 24. Rxe2 Nxb3 25. g4 Rc4 26. Kg2 Kf8 27. Kf3 Rec8 28. h4 Nc5 29. Bxc5 R4xc5 30. Rd3 b5 31. h5 gxh5 32. gxh5 e6 33. Ne3 R8c6 34. Rh2 Ke7 35. h6 Bf8 36. Nc2 a5 37. Rd1 Rb6 38. Rg1 f5 39. exf5 Rxf5 40. Ne3 Rf6 41. Ng4 Rf7 42. Ne3 b4 43. axb4 axb4 44. c4 Ra6 45. f5 d5 46. cxd5 exf5 47. Rc1 Kd7 48. Nc4 Re7 49. Rh5 Bxh6 50. Rch1 Re4 51. b3 Rf4+ 52. Ke2 Ra2+ 53. Kd3 Rf3+ 54. Kd4 Bg7+ 55. Kc5 Rxb3 56. Rxf5 Rg3 57. Rxh7 Kd8 58. Rf7 Rag2 59. Kxb4 Rg6 60. Ne5 Ke8 61. Ra7 Rb2+ 62. Kc5 Bxe5 63. Ra8+ Bb8 64. Rxb8+ Rxb8 65. Rh8+ Kd7 66. Rxb8 Rh6 67. Rb7+ Kc8 68. Rg7 Kd8 69. d6 Rh1 1/2-1/2

[Event "Moscow RUS"]
[Site "?"]
[Date "2005.02.18"]
[Round "4"]
[White "Lastin Alexander"]
[Black "Kurnosov Igor"]
[Result "1-0"]
[WhiteElo "2588"]
[BlackElo "2538"]
[PlyCount "59"]
[EventDate "2005.??.??"]
[Source "www.chesslib.no"]
[SourceDate "2004.05.04"]

1. e4 c5 2. Nf3 d6 3. d4 cxd4 4. Nxd4 Nf6 5. Nc3 a6 6. a4 g6 7. Be2 Bg7 8. O-O O-O 9. f4 Nc6 10. Be3 Bd7 11. Nb3 Be6 12. Kh1 Rc8 13. Bg1 Nd7 14. f5 Bxb3 15. cxb3 Nc5 16. Bg4 Rb8 17. Nd5 a5 18. Qe2 Nb4 19. Nf4 Be5 20. Rad1 Qc7 21. Qf3 Qc6 22. Qh3 Nxe4 23. Rc1 Qe8 24. fxg6 hxg6 25. Bf5 Nf6 26. Qh6 e6 27. Rf3 Bxf4 28. Rxf4 Nh5 29. Bd4 e5 30. Rh4 1-0

[Event "72nd NY Masters"]
[Site "New York"]
[Date "2003.09.09"]
[Round "4"]
[White "Benjamin, Joel"]
[Black "Wojtkiewicz, Aleksander"]
[Result "1/2-1/2"]
[WhiteElo "2583"]
[BlackElo "2543"]
[PlyCount "93"]
[EventDate "2003.09.09"]
[Source "Roberto Alvarez"]
[SourceDate "2003.09.15"]

1. e4 c5 2. Nf3 d6 3. d4 cxd4 4. Nxd4 Nf6 5. Nc3 a6 6. a4 Nc6 7. Be2 g6 8. Be3 Bg7 9. O-O O-O 10. f4 Bd7 11. Nb3 Be6 12. Bf3 Na5 13. e5 Ne8 14. Nxa5 Qxa5 15. Nd5 Bxd5 16. Qxd5 Qxd5 17. Bxd5 Rb8 18. e6 fxe6 19. Bxe6+ Kh8 20. c3 Nc7 21. Bb3 b5 22. Rf2 b4 23. Ba2 bxc3 24. bxc3 Rfc8 25. Re1 Ne8 26. Bd4 Rc7 27. Rfe2 Bxd4+ 28. cxd4 Rbb7 29. Bd5 Ra7 30. g4 Kg7 31. g5 Kf8 32. Rb1 Rc8 33. Reb2 Ng7 34. Rb8 Rac7 35. Kf2 e6 36. Rxc8+ Rxc8 37. Bb7 Rc2+ 38. Ke3 Ra2 39. Bxa6 Nf5+ 40. Kd3 Rxa4 41. Rb8+ Ke7 42. Rb7+ Kf8 43. Rb8+ Ke7 44. Rb7+ Kd8 45. Rb8+ Kc7 46. Rb7+ Kd8 47. Rb8+ 1/2-1/2

[Event "Norresundby Open"]
[Site "Norresundby"]
[Date "1992.??.??"]
[Round "5"]
[White "Kupreichik, Viktor D"]
[Black "Ruban, Vadim"]
[Result "0-1"]
[WhiteElo "2545"]
[BlackElo "2580"]
[PlyCount "62"]
[EventDate "1992.??.??"]
[Source "www.chesslib.no"]
[SourceDate "2004.05.04"]

1. e4 c5 2. Nf3 d6 3. Nc3 Nc6 4. d4 cxd4 5. Nxd4 Nf6 6. f4 g6 7. Be2 Bg7 8. Nb3 O-O 9. Be3 Be6 10. O-O Rc8 11. Kh1 a6 12. f5 Bd7 13. g4 Ne5 14. g5 Rxc3 15. bxc3 Nxe4 16. Nd4 Nxc3 17. Qe1 Nxe2 18. Qxe2 Nc6 19. Rad1 Nxd4 20. Bxd4 Bxd4 21. Rxd4 Bxf5 22. c4 e5 23. Rd2 Qxg5 24. Rxd6 Re8 25. Rd5 Qh4 26. Rd2 Be4+ 27. Kg1 Bc6 28. Rd6 Qg5+ 29. Kf2 e4 30. Rd4 e3+ 31. Ke1 Qa5+ 0-1

[Event "Siofok"]
[Site "Siofok"]
[Date "1990.??.??"]
[Round "?"]
[White "Gurevich, Mikhail N"]
[Black "Tolnai, Tibor"]
[Result "1-0"]
[WhiteElo "2645"]
[BlackElo "2480"]
[PlyCount "62"]
[EventDate "1990.??.??"]
[Source "www.chesslib.no"]
[SourceDate "2004.05.04"]

1. e4 c5 2. Nf3 d6 3. d4 cxd4 4. Nxd4 Nf6 5. Nc3 g6 6. Be2 Bg7 7. O-O Nc6 8. Nb3 O-O 9. Be3 Be6 10. f4 Qc8 11. Kh1 Rd8 12. Bg1 Bg4 13. Nd5 Bxe2 14. Qxe2 Rb8 15. c4 b6 16. Rac1 Qa6 17. a3 e6 18. Nc3 Rbc8 19. Bf2 Rd7 20. Bh4 Qb7 21. Rcd1 a6 22. Rd2 Na5 23. Nxa5 bxa5 24. f5 Rf8 25. Rd3 h6 26. e5 dxe5 27. Bxf6 Bxf6 28. Ne4 Rxd3 29. Nxf6+ Kg7 30. Qxe5 Rfd8 31. fxe6 R8d4 1-0

[Event "Minsk op"]
[Site "Minsk"]
[Date "1996.??.??"]
[Round "1"]
[White "Balashov, Yuri S"]
[Black "Batulev, Andrey"]
[Result "1-0"]
[WhiteElo "2560"]
[BlackElo "2560"]
[PlyCount "53"]
[EventDate "1996.??.??"]
[Source "www.chesslib.no"]
[SourceDate "2004.05.04"]

1. e4 c5 2. Nc3 Nc6 3. Nf3 g6 4. d4 cxd4 5. Nxd4 Bg7 6. Be3 d6 7. Be2 Nf6 8. Nb3 O-O 9. O-O Bd7 10. f4 Rc8 11. Kh1 a6 12. a4 Be6 13. Bf3 Qc7 14. Nd5 Bxd5 15. exd5 Nb8 16. c3 Nbd7 17. a5 Nc5 18. Nd4 e5 19. dxe6 Nxe6 20. f5 Nxd4 21. Bxd4 Rfe8 22. fxg6 hxg6 23. Bxf6 Bxf6 24. Bg4 Be5 25. Bxc8 Rxc8 26. Qd5 Rf8 27. Ra4 1-0

[Event "RUS"]
[Site "?"]
[Date "2006.04.21"]
[Round "2"]
[White "Novikov Stanislav"]
[Black "Grigoriants Sergey"]
[Result "1/2-1/2"]
[WhiteElo "2545"]
[BlackElo "2568"]
[PlyCount "161"]
[EventDate "2006.??.??"]
[Source "www.chesslib.no"]
[SourceDate "2004.05.04"]

1. e4 c5 2. Nf3 Nc6 3. Nc3 d6 4. d4 cxd4 5. Nxd4 Nf6 6. Be2 g6 7. Be3 Bg7 8. O-O O-O 9. Nb3 Be6 10. f4 Qc8 11. h3 Rd8 12. Rf2 Rb8 13. Bf3 Bc4 14. Nd4 Nd7 15. b3 Ba6 16. Nd5 Re8 17. c4 e5 18. Nb5 Bxb5 19. cxb5 Nd4 20. Bg4 Qd8 21. Bxd7 Qxd7 22. f5 Nxb5 23. Qg4 f6 24. Raf1 Rf8 25. Qg3 g5 26. h4 gxh4 27. Qxh4 Nc7 28. Nxc7 Qxc7 29. g4 h6 30. Bxh6 Bxh6 31. Qxh6 Qg7 32. Qxg7+ Kxg7 33. Rd1 Kh6 34. Rxd6 Rbd8 35. Rfd2 Rxd6 36. Rxd6 Kg5 37. Kf2 Kf4 38. Rd7 Rc8 39. Ke2 Kxe4 40. a4 Rc2+ 41. Kd1 Rg2 42. Rd6 Rxg4 43. Rxf6 Rg1+ 44. Kd2 Rg2+ 45. Kc3 Rg3+ 46. Kc2 Rg7 47. Rf8 Rd7 48. f6 Kf5 49. f7 a6 50. b4 Kf6 51. Rh8 Rxf7 52. Kd3 Rd7+ 53. Ke3 Rg7 54. Rh6+ Rg6 55. Rh7 Rg3+ 56. Ke2 Rg7 57. Rh6+ Kf5 58. Rb6 Kf4 59. a5 e4 60. b5 axb5 61. Rxb5 Rh7 62. Rb3 Rh2+ 63. Kf1 Ra2 64. Rxb7 Kf3 65. Rf7+ Ke3 66. Rb7 Kf3 67. Rf7+ Ke3 68. Rb7 Ra1+ 69. Kg2 Rxa5 70. Rb3+ Kd2 71. Rb2+ Kc3 72. Re2 Kd3 73. Kf2 Ra4 74. Re3+ Kd4 75. Rb3 Ra2+ 76. Ke1 Rc2 77. Ra3 Ke5 78. Rb3 Kf4 79. Ra3 Rb2 80. Rc3 e3 81. Rc8 1/2-1/2

[Event "Corus C"]
[Site "Wijk aan Zee NED"]
[Date "2008.01.23"]
[Round "10"]
[White "Nijboer, F."]
[Black "Reinderman, D."]
[Result "1-0"]
[WhiteElo "2578"]
[BlackElo "2533"]
[PlyCount "83"]
[EventDate "2008.01.12"]
[Source "www.chesslib.no"]
[SourceDate "2004.05.04"]

1. e4 c5 2. Nf3 d6 3. d4 Nf6 4. Nc3 cxd4 5. Nxd4 g6 6. Be2 Bg7 7. O-O Nc6 8. Nb3 O-O 9. Be3 a6 10. f4 b5 11. Bf3 Bb7 12. Qe1 Nd7 13. Rd1 Qc8 14. Rf2 Rb8 15. Rfd2 Bxc3 16. bxc3 Nf6 17. Re2 Nd8 18. Ba7 Ra8 19. Bd4 Ne6 20. Qh4 Nxd4 21. cxd4 Qd8 22. Rd3 e6 23. f5 Nd7 24. Qh6 e5 25. Rf2 Qe7 26. Na5 Rab8 27. Nxb7 Rxb7 28. Bd1 exd4 29. Rh3 f6 30. fxg6 Ne5 31. gxh7+ Kh8 32. Rg3 Rbb8 33. Rg8+ Rxg8 34. hxg8=Q+ Kxg8 35. c3 Qg7 36. Bb3+ Nc4 37. Qd2 dxc3 38. Qxd6 Re8 39. Qd3 f5 40. Rxf5 Kh7 41. Rh5+ Kg8 42. Qd5+ 1-0

[Event "Kavala Open"]
[Site "Kavala GRE"]
[Date "1991.??.??"]
[Round "?"]
[White "Kotronias, Vasilios"]
[Black "Georgiev, Kiril D"]
[Result "1/2-1/2"]
[WhiteElo "2520"]
[BlackElo "2585"]
[PlyCount "84"]
[EventDate "1991.??.??"]
[Source "www.chesslib.no"]
[SourceDate "2004.05.04"]

1. e4 c5 2. Nf3 d6 3. d4 cxd4 4. Nxd4 Nf6 5. Nc3 g6 6. Be2 Bg7 7. O-O O-O 8. Be3 Nc6 9. Nb3 Be6 10. f4 Qc8 11. Kh1 Rd8 12. Bg1 d5 13. e5 Ne4 14. Bd3 g5 15. Qe1 Nxc3 16. bxc3 Bf5 17. Nd4 Nxd4 18. Bxd4 g4 19. Qh4 e6 20. h3 gxh3 21. g4 Be4+ 22. Kh2 Qc7 23. Kxh3 Re8 24. Rae1 Qe7 25. Qxe7 Rxe7 26. Bxe4 dxe4 27. Rxe4 Rc8 28. f5 Bh6 29. Rf3 Rc4 30. Rd3 Bf8 31. Re1 b6 32. Be3 Rec7 33. Bd2 Rc8 34. Rd1 h6 35. Be1 Re4 36. Bg3 Rec4 37. Rd7 Rxc3 38. Rxa7 Bc5 39. Rd3 Rxd3 40. cxd3 Rd8 41. Bf4 Rxd3+ 42. Kg2 Be3 1/2-1/2

[Event "Grand Hotel Bali - Torneo delle stelle"]
[Site "Benidorm SPA"]
[Date "2007.12.07"]
[Round "2.1"]
[White "Recuero Guerra, David"]
[Black "Malakhov, Vladimir"]
[Result "0-1"]
[WhiteElo "2407"]
[BlackElo "2690"]
[PlyCount "116"]
[EventDate "2007.12.07"]
[Source "www.chesslib.no"]
[SourceDate "2004.05.04"]

1. e4 c5 2. Nf3 Nc6 3. Nc3 g6 4. d4 cxd4 5. Nxd4 Bg7 6. Be3 Nf6 7. Bc4 Qa5 8. O-O O-O 9. Nb3 Qd8 10. Be2 d6 11. Qd2 a5 12. a4 Be6 13. Rfd1 Rc8 14. f3 Nd7 15. Nd4 Nxd4 16. Bxd4 Bxd4+ 17. Qxd4 Qb6 18. Bb5 Qxd4+ 19. Rxd4 Nb6 20. Kf2 Rc5 21. Rd2 Rfc8 22. Bd3 Bd7 23. Nb5 Nc4 24. Bxc4 Rxc4 25. Nc3 Kf8 26. e5 Rb4 27. exd6 exd6 28. Rxd6 Rxb2 29. Rxd7 Rxc3 30. Rc1 Rcxc2+ 31. Rxc2 Rxc2+ 32. Kg3 Rb2 33. h4 h5 34. Kh3 Kg7 35. g4 Rb3 36. Kg2 b6 37. Rd6 Rb4 38. Kg3 f6 39. Rc6 Kf7 40. Rd6 Ke7 41. Rc6 Rb3 42. Kf4 Rb1 43. Kg3 Rb4 44. Rc7+ Ke6 45. Rb7 f5 46. gxh5 gxh5 47. Rh7 f4+ 48. Kh3 Rxa4 49. Rh6+ Ke5 50. Rxb6 Ra1 51. Rb5+ Kd4 52. Rxh5 Ke3 53. Rc5 Kxf3 54. Rc3+ Ke4 55. Kg2 a4 56. h5 a3 57. h6 a2 58. Rc2 Rg1+ 0-1

[Event "Lloyds Bank Open"]
[Site "London ENG"]
[Date "1994.??.??"]
[Round "4"]
[White "Gallagher, Joseph G"]
[Black "Alterman, Boris"]
[Result "1/2-1/2"]
[WhiteElo "2485"]
[BlackElo "2595"]
[PlyCount "169"]
[EventDate "1994.08.??"]
[Source "www.chesslib.no"]
[SourceDate "2004.05.04"]

1. e4 c5 2. Nc3 Nc6 3. Nge2 g6 4. d4 cxd4 5. Nxd4 Bg7 6. Be3 Nf6 7. Be2 O-O 8. O-O d6 9. Nb3 Be6 10. f4 Rc8 11. Kh1 a6 12. Bf3 Nd7 13. Rb1 Bc4 14. Rf2 b5 15. e5 b4 16. Ne4 d5 17. Bg4 Rc7 18. Ng5 e6 19. Bxe6 fxe6 20. Nxe6 Qc8 21. Nxc7 Qxc7 22. Nd4 Ne7 23. b3 Bb5 24. Qd2 Nc5 25. Qxb4 Ne4 26. Rf3 Nf5 27. Nxf5 gxf5 28. c4 dxc4 29. a4 Bd7 30. bxc4 Bc6 31. Rff1 Qf7 32. Qb6 Ba8 33. Rfc1 Qh5 34. Kg1 Qe2 35. Rb2 Qd3 36. Qb3 Qd7 37. c5+ Kh8 38. Rd1 Qc6 39. Qc4 Rc8 40. h3 Qg6 41. c6 Qg3 42. Rb3 Bxc6 43. Qxa6 Nd6 44. Qe2 Nc4 45. Rbd3 Nxe3 46. Rxe3 Qxf4 47. Qf2 Qxa4 48. Red3 Rg8 49. Qxf5 Be4 50. Qd7 Qa5 51. Re3 Bxg2 52. Kxg2 Bh6+ 53. Rg3 Qa2+ 54. Rd2 Bxd2 55. Rxg8+ Qxg8+ 56. Kf3 Qa8+ 57. Kf2 Bg5 58. Qf5 Bh4+ 59. Ke2 Qa2+ 60. Kf1 Qa1+ 61. Ke2 Qe1+ 62. Kf3 Qg3+ 63. Ke2 Qg2+ 64. Kd1 Qd5+ 65. Ke2 Qc4+ 66. Kf3 Be7 67. Kg2 Qc6+ 68. Kg3 Qg6+ 69. Kf4 Kg7 70. Qg4 Kh6 71. h4 Bd8 72. Kf3 Qd3+ 73. Kf4 Qc4+ 74. Kf5 Qc2+ 75. Kf4 Qd2+ 76. Kf5 Qd7+ 77. Kf4 Qf7+ 78. Ke4 Qg6+ 79. Kf3 Be7 80. Kf4 Bb4 81. Qg5+ Kg7 82. Qxg6+ hxg6 83. h5 Bd2+ 84. Kg4 g5 85. e6 1/2-1/2

[Event "Ubeda op"]
[Site "Ubeda"]
[Date "1998.01.25"]
[Round "6"]
[White "Asrian, Karen"]
[Black "Xu Jun"]
[Result "1/2-1/2"]
[WhiteElo "2555"]
[BlackElo "2520"]
[PlyCount "85"]
[EventDate "1998.01.20"]
[Source "ChessBase"]
[SourceDate "1998.03.09"]

1. e4 c5 2. Nf3 d6 3. d4 cxd4 4. Nxd4 Nf6 5. Nc3 Nc6 6. Be2 g6 7. Be3 Bg7 8. O-O O-O 9. Nb3 Be6 10. f4 Qc8 11. Bf3 Ng4 12. Bc1 Bxb3 13. Bxg4 Be6 14. f5 Bd7 15. Nd5 Re8 16. c3 Ne5 17. Bh3 e6 18. fxe6 Bxe6 19. Bxe6 Rxe6 20. Bg5 Qc5+ 21. Kh1 h6 22. Be3 Qc6 23. Bd4 b6 24. a4 Qb7 25. b4 Rae8 26. Ra2 Rf8 27. Raf2 Qc6 28. a5 bxa5 29. bxa5 a6 30. Qb3 Qc4 31. Qb7 Ng4 32. Rf4 Be5 33. Bxe5 Nxe5 34. h3 Kg7 35. Nb6 Qb3 36. Qd5 Qxd5 37. exd5 Re7 38. Nc4 Rd8 39. Re4 f5 40. Re2 Kf6 41. Rfe1 Rc8 42. Nxd6 Rxc3 43. Rxe5 1/2-1/2

[Event "ROM-chT"]
[Site "Tusnad"]
[Date "1997.??.??"]
[Round "?"]
[White "Golubev, Mihail"]
[Black "Nisipeanu, Liviu Dieter"]
[Result "1/2-1/2"]
[WhiteElo "2530"]
[BlackElo "2545"]
[PlyCount "61"]
[EventDate "1997.??.??"]
[Source "www.chesslib.no"]
[SourceDate "2004.05.04"]

1. e4 c5 2. Nf3 d6 3. d4 cxd4 4. Nxd4 Nf6 5. Nc3 g6 6. Be2 Bg7 7. O-O O-O 8. Kh1 Nc6 9. Nb3 Be6 10. f4 Qc8 11. Be3 Rd8 12. Bg1 Bg4 13. Nd5 Bxe2 14. Qxe2 Nxd5 15. exd5 Nb4 16. Qe4 Na6 17. c3 Re8 18. f5 Nc5 19. Bxc5 dxc5 20. Nd2 Qd7 21. Nc4 Rad8 22. Rad1 gxf5 23. Rxf5 e6 24. Rh5 h6 25. d6 f5 26. Qe2 Qf7 27. Rh3 e5 28. Rf3 b5 29. Na3 e4 30. Rff1 Qd7 31. c4 1/2-1/2